000 00510cam a2200193ua 4500
001 5604
008 131025n ii |||gr||||Z||||||asm
020 _a81-85905-58-4
040 _cMAIN
082 _a954.162
245 _aBoisnabbador pora mayamoriya bidruhaloi
_cBy Amalendu Guha
250 _a1st ed.
260 _aGuwahati:
_bStudents Stores,
_c1993.
300 _aix,110p.
653 _aHistory
653 _aBoisnabbador pora mayamoriya bidruhaloi
700 _aGuha,Amalendu,
_eAuthor.,
942 _cBK
999 _c4765
_d4765